00365 a2200109 4500001001000000005001700010008004100027245008200068100002000150773006800170999001700238ART_4226520260410161807.0260409a 10aLa inmortalidad de la empresa por vía de la cooperativa de los trabajadores1 aDasso, Ariel A.0 tDoctrina Societaria y Concursalg- Nº 284 (jul. 2011)wREV4298 c21093d21093